Olympic Medalists in Badminton (Men's Singles) - Statistics

General Stats
  • This quiz has been taken 19 times
    11 since last reset
  • The average score is 16 of 28
Answer Stats
Hint Answer % Correct
2008 Beijing Lee Chong Wei
100%
2012 London Lee Chong Wei
100%
2016 Rio de Janeiro Lee Chong Wei
100%
2024 Paris Lee Zii Jia
100%
2016 Rio de Janeiro Viktor Axelsen
100%
2020 Tokyo Viktor Axelsen
100%
2024 Paris Viktor Axelsen
100%
2012 London Lin Dan
91%
2008 Beijing Chen Jin
82%
2012 London Chen Long
82%
2016 Rio de Janeiro Chen Long
82%
2020 Tokyo Chen Long
82%
2008 Beijing Lin Dan
82%
2024 Paris Kunlavut Vitidsarn
73%
2020 Tokyo Anthony Sinisuka Ginting
64%
2004 Athens Taufik Hidayat
55%
2000 Sydney Ji Xinpeng
27%
1992 Barcelona Alan Budikusuma
18%
1992 Barcelona Ardy Wiranata
18%
1996 Atlanta Dong Jiong
18%
2000 Sydney Hendrawan
18%
1992 Barcelona Hermawan Susanto
18%
1996 Atlanta Poul-Erik Høyer Larsen
18%
1996 Atlanta Rashid Sidek
18%
2004 Athens Shon Seung-mo
18%
2004 Athens Sony Dwi Kuncoro
18%
1992 Barcelona Thomas Stuer-Lauridsen
18%
2000 Sydney Xia Xuanze
18%
No matching quizzes found
Score Distribution
Percent of People with Each Score
Percentile by Number Answered
Your Score History
You have not taken this quiz since the last reset